000 00633nam a22002057a 4500
999 _c15638
_d15638
003 AR-CdUCM
008 190429b ||||| |||| 00| 0 esp d
040 _aMUNICIPALIDAD PROVINCIAL DEL CUSCO
_cBIBLIOTECA MUNICIPAL DEL CUSCO
082 _a848.9 /
_bG49
100 _aGiono, Jean
_934771
245 _aJuan Azul :
_bNovela /
_cJean Giono
260 _aBuenos Aires :
_bArgos,
_c1947.
300 _a229 paginas ;
_c22 cm,
650 _aNovelas francesas
_9571
650 _aficción
_9184
700 _aPiñera, Virgilio
_934772
700 _aRodríguez Tomeu , Humberto.
_934773
942 _2ddc
_cLIBROS
945 _aacrt
_d2019-04-29